000 00329nam a22001457a 4500
008 210302b ||||| |||| 00| 0 eng d
020 _a
041 _aeng
080 _a61
082 _a61
100 _a3
101 _aSHM
245 _aPressure Ulcers in Adults Prediction and Prevention
_cClinton, J.J
942 _2udc
_cBK
999 _c55517
_d55517